Gyoma gazdaságföldrajza

Elmentve itt :
Bibliográfiai részletek
Szerző: Hornok Józsefné
További közreműködők: nincs megadva (Témavezető)
Dokumentumtípus: Szakdolgozat
Megjelent: 1977
Tárgyszavak:
Online Access:http://diploma.bibl.u-szeged.hu/112420
LEADER 00606nta a2200181 i 4500
001 dipl112420
005 20210409065219.0
008 210409s1977 hu om 0|| zxx d
040 |a SZTE Diploma Repozitórium  |b hun 
041 |a zxx 
100 1 |a Hornok Józsefné 
245 1 0 |a Gyoma gazdaságföldrajza  |h [elektronikus dokumentum] /  |c Józsefné Hornok 
260 |c 1977 
650 4 |a Pedagógusképzés 
650 4 |a Social sciences 
650 4 |a Social and economic geography 
700 1 |a nincs megadva  |e ths 
856 4 0 |u http://diploma.bibl.u-szeged.hu/id/eprint/112420/1/1977_hornok_jozsefne.pdf  |z Dokumentum-elérés